[Event "16 Dubai Open 2014"]
[Site "Dubai Chess Club"]
[Date "2014.04.08"]
[Round "2"]
[Board "20"]
[White "Kotsur, Pavel"]
[Black "Gulamali, Kazim"]
[Result "1-0"]
[WhiteElo "2557"]
[BlackElo "2293"]
[PlyCount "0"]
[EventDate "2014.04.07"]
[EventRounds "9"]
[EventCountry "UAE"]

1. c4 {[%clk 1:30:57]} e6 {[%clk 1:14:23]} 2. g3 {[%clk 1:30:48]} d5
{[%clk 1:14:44]} 3. Bg2 {[%clk 1:31:06]} Nf6 {[%clk 1:15:09]} 4. Nf3
{[%clk 1:31:10]} Be7 {[%clk 1:15:35]} 5. O-O {[%clk 1:30:13]} O-O
{[%clk 1:15:39]} 6. b3 {[%clk 1:28:55]} d4 {[%clk 1:11:18]} 7. e3
{[%clk 1:27:23]} d3 {[%clk 1:07:43]} 8. Ne5 {[%clk 1:19:23]} Ne8 {[%clk 1:03:25]}
9. f4 {[%clk 1:18:11]} f6 {[%clk 0:56:34]} 10. Nf3 {[%clk 1:13:18]} Nc6
{[%clk 0:55:30]} 11. Bb2 {[%clk 1:12:40]} Nd6 {[%clk 0:45:19]} 12. Ne1
{[%clk 1:09:49]} f5 {[%clk 0:40:48]} 13. Nc3 {[%clk 1:08:47]} a5 {[%clk 0:33:11]}
14. Qb1 {[%clk 1:08:15]} a4 {[%clk 0:31:30]} 15. c5 {[%clk 1:06:59]} Nf7
{[%clk 0:22:22]} 16. Nxa4 {[%clk 1:07:01]} e5 {[%clk 0:22:01]} 17. Qxd3
{[%clk 1:05:31]} e4 {[%clk 0:21:04]} 18. Qc2 {[%clk 1:02:35]} Bf6
{[%clk 0:20:11]} 19. d3 {[%clk 0:57:26]} Nb4 {[%clk 0:11:46]} 20. Qd2
{[%clk 0:56:41]} Nxd3 {[%clk 0:12:00]} 21. Nxd3 {[%clk 0:55:50]} exd3
{[%clk 0:12:02]} 22. Bxf6 {[%clk 0:55:53]} Qxf6 {[%clk 0:11:51]} 23. Qxd3
{[%clk 0:56:13]} Rd8 {[%clk 0:12:11]} 24. Qc2 {[%clk 0:54:33]} Bd7
{[%clk 0:12:05]} 25. Nb2 {[%clk 0:49:34]} Bb5 {[%clk 0:11:56]} 26. Rfe1
{[%clk 0:49:38]} Ra3 {[%clk 0:11:08]} 27. Bf1 {[%clk 0:46:48]} Bc6
{[%clk 0:10:55]} 28. Bd3 {[%clk 0:44:07]} g5 {[%clk 0:09:40]} 29. h3
{[%clk 0:37:50]} gxf4 {[%clk 0:05:18]} 30. exf4 {[%clk 0:37:34]} Nh6
{[%clk 0:02:36]} 31. Re5 {[%clk 0:30:18]} Qg6 {[%clk 0:02:14]} 32. Bc4+
{[%clk 0:28:33]} Kf8 {[%clk 0:01:58]} 33. Qc3 {[%clk 0:28:47]} Rd2
{[%clk 0:00:41]} 34. Re2 {[%clk 0:26:07]} Rxe2 {[%clk 0:01:03]} 35. Bxe2
{[%clk 0:26:35]} Ra8 {[%clk 0:01:10]} 36. Nc4 {[%clk 0:25:50]} Nf7
{[%clk 0:01:38]} 37. a4 {[%clk 0:23:54]} Re8 {[%clk 0:01:56]} 38. Bf1
{[%clk 0:23:33]} h5 {[%clk 0:02:14]} 39. Re1 {[%clk 0:22:58]} Rxe1
{[%clk 0:01:11]} 40. Qxe1 {[%clk 0:23:27]} h4 {[%clk 0:01:40]} 41. Kh2
{[%clk 0:22:23]} Qh5 {[%clk 0:01:57]} 42. Ne3 {[%clk 0:19:16]} Nh8
{[%clk 0:01:22]} 43. Bg2 {[%clk 0:16:41]} Bxg2 {[%clk 0:00:58]} 44. Nxg2
{[%clk 0:17:01]} Ng6 {[%clk 0:01:04]} 45. Qe6 {[%clk 0:16:53]} Kg7
{[%clk 0:01:04]} 46. gxh4 {[%clk 0:16:33]} 1-0

[Event "16 Dubai Open 2014"]
[Site "Dubai Chess Club"]
[Date "2014.04.08"]
[Round "2"]
[Board "21"]
[White "Lokander, Martin"]
[Black "Ghaem Maghami, Ehsan"]
[Result "0-1"]
[WhiteElo "2280"]
[BlackElo "2556"]
[PlyCount "0"]
[EventDate "2014.04.07"]
[EventRounds "9"]
[EventCountry "UAE"]

1. d4 {[%clk 1:30:09]} Nf6 {[%clk 1:30:15]} 2. Nf3 {[%clk 1:30:08]} e6
{[%clk 1:29:09]} 3. c4 {[%clk 1:30:07]} Bb4+ {[%clk 1:24:21]} 4. Bd2
{[%clk 1:29:07]} Bxd2+ {[%clk 1:23:22]} 5. Qxd2 {[%clk 1:27:42]} d5
{[%clk 1:23:26]} 6. Nc3 {[%clk 1:26:43]} O-O {[%clk 1:22:41]} 7. e3
{[%clk 1:21:07]} Qe7 {[%clk 1:22:00]} 8. Be2 {[%clk 1:17:54]} b6 {[%clk 1:14:24]}
9. cxd5 {[%clk 1:11:40]} exd5 {[%clk 1:13:45]} 10. O-O {[%clk 1:12:05]} Bb7
{[%clk 1:13:50]} 11. Ne5 {[%clk 1:11:19]} c5 {[%clk 1:13:25]} 12. Rfd1
{[%clk 1:08:12]} Nc6 {[%clk 1:08:43]} 13. Nxc6 {[%clk 1:05:37]} Bxc6
{[%clk 1:07:12]} 14. dxc5 {[%clk 1:01:54]} bxc5 {[%clk 1:07:09]} 15. Bf3
{[%clk 1:02:10]} Rfd8 {[%clk 1:00:19]} 16. Qc2 {[%clk 0:57:39]} Rac8
{[%clk 0:58:55]} 17. Ne2 {[%clk 0:50:57]} Bb7 {[%clk 0:50:25]} 18. Nf4
{[%clk 0:43:19]} d4 {[%clk 0:26:43]} 19. Bxb7 {[%clk 0:43:37]} Qxb7
{[%clk 0:24:30]} 20. exd4 {[%clk 0:41:53]} cxd4 {[%clk 0:24:41]} 21. Qe2
{[%clk 0:41:01]} h6 {[%clk 0:22:32]} 22. Rac1 {[%clk 0:39:26]} Rxc1
{[%clk 0:20:01]} 23. Rxc1 {[%clk 0:39:52]} Nd5 {[%clk 0:16:12]} 24. Nd3
{[%clk 0:38:45]} Nb4 {[%clk 0:16:26]} 25. Nxb4 {[%clk 0:31:39]} Qxb4
{[%clk 0:16:50]} 26. Rd1 {[%clk 0:31:54]} d3 {[%clk 0:17:00]} 27. Qd2
{[%clk 0:31:57]} Qd6 {[%clk 0:16:56]} 28. h3 {[%clk 0:30:50]} h5 {[%clk 0:13:35]}
29. b4 {[%clk 0:27:12]} Qd4 {[%clk 0:12:06]} 30. Qe3 {[%clk 0:23:25]} Qxb4
{[%clk 0:11:45]} 31. Qxa7 {[%clk 0:23:36]} Re8 {[%clk 0:10:18]} 32. Kh2
{[%clk 0:22:02]} Qf4+ {[%clk 0:04:40]} 33. Kg1 {[%clk 0:21:13]} Qb4
{[%clk 0:03:40]} 34. Kh2 {[%clk 0:18:30]} d2 {[%clk 0:04:00]} 35. Qc7
{[%clk 0:18:40]} Qd4 {[%clk 0:04:06]} 36. Qa5 {[%clk 0:16:07]} Re2
{[%clk 0:03:39]} 37. Qa8+ {[%clk 0:15:44]} Kh7 {[%clk 0:04:03]} 38. Qf3
{[%clk 0:15:40]} Rxf2 {[%clk 0:03:32]} 39. Qxh5+ {[%clk 0:16:07]} Kg8
{[%clk 0:04:00]} 40. Qg4 {[%clk 0:14:26]} Qe5+ {[%clk 0:00:34]} 41. Kg1
{[%clk 0:14:49]} Re2 {[%clk 0:00:31]} 42. Qf3 {[%clk 0:13:14]} Re1+
{[%clk 0:00:48]} 43. Kf2 {[%clk 0:13:41]} Qd4+ {[%clk 0:01:13]} 44. Kg3
{[%clk 0:13:59]} Rxd1 {[%clk 0:00:45]} 45. Qxd1 {[%clk 0:14:00]} Qe3+
{[%clk 0:01:11]} 46. Kh2 {[%clk 0:12:58]} Qe5+ {[%clk 0:01:37]} 47. g3
{[%clk 0:13:26]} Qe1 {[%clk 0:01:39]} 48. Qg4 {[%clk 0:13:49]} Qf2+
{[%clk 0:02:00]} 49. Kh1 {[%clk 0:14:16]} Qf1+ {[%clk 0:02:27]} 50. Kh2
{[%clk 0:14:41]} d1=Q {[%clk 0:02:47]} 0-1

[Event "16 Dubai Open 2014"]
[Site "Dubai Chess Club"]
[Date "2014.04.08"]
[Round "2"]
[Board "22"]
[White "Jankovic, Alojzije"]
[Black "Deshpande, Aniruddha"]
[Result "1-0"]
[WhiteElo "2554"]
[BlackElo "2287"]
[PlyCount "0"]
[EventDate "2014.04.07"]
[EventRounds "9"]
[EventCountry "UAE"]

1. d4 {[%clk 1:30:57]} d5 {[%clk 1:28:48]} 2. c4 {[%clk 1:31:20]} c6
{[%clk 1:29:02]} 3. Nc3 {[%clk 1:31:36]} Nf6 {[%clk 1:29:23]} 4. e3
{[%clk 1:31:54]} a6 {[%clk 1:29:34]} 5. Nf3 {[%clk 1:29:58]} Bf5 {[%clk 1:29:50]}
6. Ne5 {[%clk 1:27:01]} h6 {[%clk 1:26:06]} 7. Qb3 {[%clk 1:24:28]} Ra7
{[%clk 1:23:43]} 8. cxd5 {[%clk 1:23:38]} cxd5 {[%clk 1:22:33]} 9. Bd2
{[%clk 1:23:38]} e6 {[%clk 1:21:59]} 10. Rc1 {[%clk 1:17:30]} Nbd7
{[%clk 1:21:12]} 11. Bb5 {[%clk 1:11:55]} Bd6 {[%clk 1:17:39]} 12. Bxd7+
{[%clk 1:11:25]} Nxd7 {[%clk 1:17:27]} 13. Nxd7 {[%clk 1:11:50]} Qxd7
{[%clk 1:16:14]} 14. Na4 {[%clk 1:11:58]} Qd8 {[%clk 0:49:38]} 15. Nb6
{[%clk 0:54:50]} Bc7 {[%clk 0:46:36]} 16. Qa4+ {[%clk 0:49:09]} Ke7
{[%clk 0:42:10]} 17. Ba5 {[%clk 0:43:52]} Bxb6 {[%clk 0:30:13]} 18. Qb4+
{[%clk 0:44:16]} Qd6 {[%clk 0:30:36]} 19. Qxb6 {[%clk 0:44:33]} Qxb6
{[%clk 0:30:59]} 20. Bxb6 {[%clk 0:45:00]} Raa8 {[%clk 0:31:22]} 21. Rc7+
{[%clk 0:45:15]} Kf6 {[%clk 0:31:44]} 22. Kd2 {[%clk 0:45:21]} a5
{[%clk 0:25:33]} 23. Rhc1 {[%clk 0:42:58]} Rhb8 {[%clk 0:25:56]} 24. Rd7
{[%clk 0:42:02]} Rc8 {[%clk 0:14:11]} 25. Rxb7 {[%clk 0:39:03]} Rab8
{[%clk 0:14:03]} 26. Rxc8 {[%clk 0:34:22]} Rxb7 {[%clk 0:14:28]} 27. Bd8+
{[%clk 0:34:09]} Kg6 {[%clk 0:14:36]} 28. Kc3 {[%clk 0:34:13]} Bb1
{[%clk 0:14:16]} 29. Bxa5 {[%clk 0:23:25]} Bxa2 {[%clk 0:14:37]} 30. b4
{[%clk 0:23:50]} f6 {[%clk 0:12:12]} 31. Rc5 {[%clk 0:20:23]} Kf7
{[%clk 0:11:43]} 32. b5 {[%clk 0:20:21]} Ke7 {[%clk 0:11:08]} 33. Bc7
{[%clk 0:20:22]} Bc4 {[%clk 0:01:21]} 34. b6 {[%clk 0:20:39]} Bf1
{[%clk 0:01:22]} 35. Ra5 {[%clk 0:20:16]} Kd7 {[%clk 0:01:44]} 36. g3
{[%clk 0:20:32]} g5 {[%clk 0:02:05]} 37. Ra7 {[%clk 0:20:00]} Kc6
{[%clk 0:02:15]} 38. Ra8 {[%clk 0:20:26]} g4 {[%clk 0:02:18]} 39. Rd8
{[%clk 0:20:02]} Rxc7 {[%clk 0:02:37]} 40. bxc7 {[%clk 0:20:27]} Kxc7
{[%clk 0:03:02]} 41. Rh8 {[%clk 0:20:51]} f5 {[%clk 0:03:21]} 42. Rxh6
{[%clk 0:21:10]} Kd6 {[%clk 0:03:39]} 43. Kb4 {[%clk 0:21:34]} Be2
{[%clk 0:03:38]} 44. h4 {[%clk 0:21:42]} gxh3 {[%clk 0:04:01]} 45. Rxh3
{[%clk 0:22:09]} Bf1 {[%clk 0:04:20]} 46. Rh6 {[%clk 0:22:33]} Be2
{[%clk 0:04:44]} 47. Ka5 {[%clk 0:22:58]} Bf3 {[%clk 0:04:43]} 48. Kb6
{[%clk 0:23:24]} Be2 {[%clk 0:05:07]} 49. Kb7 {[%clk 0:23:24]} Bf3
{[%clk 0:05:24]} 50. Kc8 {[%clk 0:23:48]} Be2 {[%clk 0:05:46]} 51. Kd8
{[%clk 0:24:14]} Bb5 {[%clk 0:06:07]} 52. Rh7 {[%clk 0:24:25]} Bc6
{[%clk 0:05:32]} 53. Ra7 {[%clk 0:24:50]} e5 {[%clk 0:05:50]} 54. Ra6
{[%clk 0:25:04]} e4 {[%clk 0:05:54]} 55. Rb6 {[%clk 0:25:30]} 1-0

[Event "16 Dubai Open 2014"]
[Site "Dubai Chess Club"]
[Date "2014.04.08"]
[Round "2"]
[Board "23"]
[White "Karthik, V.   Ap"]
[Black "Mastrovasilis, Athanasios"]
[Result "1-0"]
[WhiteElo "2250"]
[BlackElo "2535"]
[PlyCount "0"]
[EventDate "2014.04.07"]
[EventRounds "9"]
[EventCountry "UAE"]

1. e4 {[%clk 1:30:57]} e5 {[%clk 1:30:32]} 2. Nf3 {[%clk 1:31:22]} Nc6
{[%clk 1:30:57]} 3. Bb5 {[%clk 1:31:47]} a6 {[%clk 1:31:03]} 4. Ba4
{[%clk 1:32:13]} Nf6 {[%clk 1:31:24]} 5. O-O {[%clk 1:32:38]} Be7
{[%clk 1:31:49]} 6. Re1 {[%clk 1:33:04]} b5 {[%clk 1:31:58]} 7. Bb3
{[%clk 1:33:33]} d6 {[%clk 1:32:04]} 8. c3 {[%clk 1:33:58]} O-O {[%clk 1:32:28]}
9. h3 {[%clk 1:34:26]} Nb8 {[%clk 1:32:48]} 10. d4 {[%clk 1:34:48]} Nbd7
{[%clk 1:33:13]} 11. Nbd2 {[%clk 1:35:05]} Bb7 {[%clk 1:33:31]} 12. Bc2
{[%clk 1:35:29]} Re8 {[%clk 1:33:20]} 13. Nf1 {[%clk 1:35:53]} Bf8
{[%clk 1:33:37]} 14. Ng3 {[%clk 1:36:18]} g6 {[%clk 1:33:18]} 15. b3
{[%clk 1:36:41]} Rb8 {[%clk 1:27:59]} 16. Bg5 {[%clk 1:26:45]} Bg7
{[%clk 1:18:39]} 17. Qd2 {[%clk 1:25:19]} Qe7 {[%clk 1:11:16]} 18. Bh6
{[%clk 1:16:55]} Bxh6 {[%clk 1:09:02]} 19. Qxh6 {[%clk 1:17:19]} Qf8
{[%clk 1:09:28]} 20. Qd2 {[%clk 1:15:49]} Rbd8 {[%clk 1:05:27]} 21. Rad1
{[%clk 1:09:17]} Kh8 {[%clk 0:57:24]} 22. Ng5 {[%clk 0:55:22]} Ng8
{[%clk 0:52:16]} 23. f4 {[%clk 0:53:10]} f6 {[%clk 0:52:20]} 24. Nf3
{[%clk 0:52:17]} exf4 {[%clk 0:52:27]} 25. Qxf4 {[%clk 0:51:55]} Qh6
{[%clk 0:52:48]} 26. Ne2 {[%clk 0:46:19]} Nf8 {[%clk 0:46:50]} 27. d5
{[%clk 0:40:35]} Bc8 {[%clk 0:43:16]} 28. Nfd4 {[%clk 0:37:48]} Bd7
{[%clk 0:42:47]} 29. Qxh6 {[%clk 0:34:11]} Nxh6 {[%clk 0:43:15]} 30. Rf1
{[%clk 0:34:27]} Ng8 {[%clk 0:37:47]} 31. Bd3 {[%clk 0:32:17]} Ra8
{[%clk 0:36:52]} 32. Rf3 {[%clk 0:30:25]} g5 {[%clk 0:35:56]} 33. Rf2
{[%clk 0:27:04]} Ng6 {[%clk 0:36:13]} 34. Ng3 {[%clk 0:26:15]} Nf4
{[%clk 0:35:18]} 35. Nde2 {[%clk 0:25:40]} Nxd3 {[%clk 0:29:48]} 36. Rxd3
{[%clk 0:26:07]} Re5 {[%clk 0:28:56]} 37. Nd4 {[%clk 0:24:57]} Be8
{[%clk 0:28:43]} 38. Ne6 {[%clk 0:23:13]} Rc8 {[%clk 0:28:17]} 39. Rf5
{[%clk 0:23:18]} Rxf5 {[%clk 0:17:37]} 40. Nxf5 {[%clk 0:22:22]} Bd7
{[%clk 0:17:37]} 41. Nfd4 {[%clk 0:21:26]} Be8 {[%clk 0:09:12]} 42. c4
{[%clk 0:20:23]} bxc4 {[%clk 0:09:10]} 43. bxc4 {[%clk 0:20:52]} Bg6
{[%clk 0:08:20]} 44. Nf5 {[%clk 0:17:48]} Bxf5 {[%clk 0:05:57]} 45. exf5
{[%clk 0:18:16]} Ne7 {[%clk 0:06:19]} 46. g4 {[%clk 0:17:37]} h5 {[%clk 0:06:28]}
47. Ra3 {[%clk 0:15:44]} hxg4 {[%clk 0:06:01]} 48. hxg4 {[%clk 0:16:11]} Rb8
{[%clk 0:06:10]} 49. Rb3 {[%clk 0:15:55]} Rxb3 {[%clk 0:04:02]} 50. axb3
{[%clk 0:16:23]} a5 {[%clk 0:04:24]} 51. Nxc7 {[%clk 0:16:46]} Nc8
{[%clk 0:04:34]} 52. Ne8 {[%clk 0:17:04]} Nb6 {[%clk 0:04:10]} 53. Nxd6
{[%clk 0:17:19]} Kg7 {[%clk 0:04:27]} 54. Kf2 {[%clk 0:17:31]} Kf8
{[%clk 0:04:53]} 55. Ne4 {[%clk 0:17:36]} Ke7 {[%clk 0:05:00]} 56. Ke3
{[%clk 0:17:16]} a4 {[%clk 0:05:16]} 57. bxa4 {[%clk 0:17:33]} Nxc4+
{[%clk 0:05:37]} 58. Kd4 {[%clk 0:17:59]} 1-0

[Event "16 Dubai Open 2014"]
[Site "Dubai Chess Club"]
[Date "2014.04.08"]
[Round "2"]
[Board "24"]
[White "Dizdar, Goran"]
[Black "Al-Hadarani, Hatim"]
[Result "0-1"]
[WhiteElo "2513"]
[BlackElo "2249"]
[PlyCount "0"]
[EventDate "2014.04.07"]
[EventRounds "9"]
[EventCountry "UAE"]

1. Nf3 {[%clk 1:20:22]} Nf6 {[%clk 1:28:44]} 2. c4 {[%clk 1:19:42]} g6
{[%clk 1:27:22]} 3. g3 {[%clk 1:18:44]} Bg7 {[%clk 1:26:30]} 4. Bg2
{[%clk 1:19:07]} O-O {[%clk 1:26:34]} 5. O-O {[%clk 1:19:25]} d5 {[%clk 1:25:36]}
6. d4 {[%clk 1:19:12]} c6 {[%clk 1:24:09]} 7. b3 {[%clk 1:15:07]} dxc4
{[%clk 1:15:14]} 8. bxc4 {[%clk 1:15:25]} Qa5 {[%clk 0:59:36]} 9. Nbd2
{[%clk 1:09:03]} Rd8 {[%clk 0:41:27]} 10. e3 {[%clk 1:06:01]} Nbd7
{[%clk 0:37:32]} 11. c5 {[%clk 0:52:03]} Nd5 {[%clk 0:31:45]} 12. Bb2
{[%clk 0:43:52]} b5 {[%clk 0:11:43]} 13. Qb3 {[%clk 0:39:29]} Qc7
{[%clk 0:08:40]} 14. Ng5 {[%clk 0:37:51]} h6 {[%clk 0:07:40]} 15. Nxf7
{[%clk 0:36:54]} Kxf7 {[%clk 0:07:16]} 16. e4 {[%clk 0:37:13]} e6
{[%clk 0:06:51]} 17. exd5 {[%clk 0:28:35]} exd5 {[%clk 0:07:10]} 18. Bxd5+
{[%clk 0:27:47]} cxd5 {[%clk 0:07:12]} 19. Qxd5+ {[%clk 0:28:05]} Kf8
{[%clk 0:06:12]} 20. c6 {[%clk 0:28:24]} b4 {[%clk 0:04:25]} 21. cxd7
{[%clk 0:28:01]} Bxd7 {[%clk 0:03:05]} 22. Rac1 {[%clk 0:25:21]} Qb6
{[%clk 0:03:19]} 23. Nc4 {[%clk 0:24:00]} Qc6 {[%clk 0:00:59]} 24. Qa5
{[%clk 0:14:37]} Bh3 {[%clk 0:00:50]} 25. d5 {[%clk 0:12:56]} Qxd5
{[%clk 0:00:33]} 26. Qxb4+ {[%clk 0:13:00]} Kg8 {[%clk 0:00:48]} 27. Ne3
{[%clk 0:13:24]} Qf7 {[%clk 0:00:35]} 28. Bxg7 {[%clk 0:12:50]} Bxf1
{[%clk 0:00:49]} 29. Ba1 {[%clk 0:12:30]} Bh3 {[%clk 0:00:40]} 30. Qh4
{[%clk 0:10:14]} Rd2 {[%clk 0:00:37]} 31. g4 {[%clk 0:08:56]} Qf3
{[%clk 0:00:34]} 32. Bc3 {[%clk 0:07:21]} Re2 {[%clk 0:00:36]} 33. Qg3
{[%clk 0:06:32]} Rf8 {[%clk 0:00:34]} 34. Bd4 {[%clk 0:00:58]} Rxf2
{[%clk 0:00:36]} 35. Qxf3 {[%clk 0:00:32]} R2xf3 {[%clk 0:00:43]} 36. Bxa7
{[%clk 0:00:54]} Ra8 {[%clk 0:00:48]} 37. Rc7 {[%clk 0:00:31]} Re8
{[%clk 0:00:37]} 38. Ng2 {[%clk 0:00:45]} Re1+ {[%clk 0:00:46]} 0-1

[Event "16 Dubai Open 2014"]
[Site "Dubai Chess Club"]
[Date "2014.04.08"]
[Round "2"]
[Board "25"]
[White "Raes, Abdul Kader"]
[Black "Rahman, Ziaur"]
[Result "1/2-1/2"]
[WhiteElo "2248"]
[BlackElo "2513"]
[PlyCount "0"]
[EventDate "2014.04.07"]
[EventRounds "9"]
[EventCountry "UAE"]

1. e4 {[%clk 1:30:57]} c5 {[%clk 1:30:39]} 2. d3 {[%clk 1:29:00]} g6
{[%clk 1:28:31]} 3. g3 {[%clk 1:28:38]} Bg7 {[%clk 1:26:55]} 4. Bg2
{[%clk 1:29:04]} Nc6 {[%clk 1:26:56]} 5. Nc3 {[%clk 1:29:01]} d6 {[%clk 1:24:15]}
6. f4 {[%clk 1:26:06]} e6 {[%clk 1:24:27]} 7. Nf3 {[%clk 1:25:36]} Nge7
{[%clk 1:24:49]} 8. O-O {[%clk 1:25:33]} O-O {[%clk 1:25:14]} 9. Be3
{[%clk 1:25:44]} b6 {[%clk 1:25:20]} 10. Bf2 {[%clk 1:25:38]} Bb7
{[%clk 1:20:50]} 11. d4 {[%clk 1:21:11]} e5 {[%clk 1:17:16]} 12. dxe5
{[%clk 1:13:55]} dxe5 {[%clk 1:17:29]} 13. fxe5 {[%clk 1:12:19]} Nxe5
{[%clk 1:16:38]} 14. Nxe5 {[%clk 1:12:40]} Bxe5 {[%clk 1:16:57]} 15. Qe2
{[%clk 1:03:52]} Nc6 {[%clk 1:11:54]} 16. Rad1 {[%clk 1:01:52]} Nd4
{[%clk 1:10:57]} 17. Qd3 {[%clk 1:00:44]} Qd7 {[%clk 0:59:06]} 18. Nd5
{[%clk 0:59:04]} Bxd5 {[%clk 0:46:41]} 19. exd5 {[%clk 0:56:58]} Rad8
{[%clk 0:47:03]} 20. c3 {[%clk 0:55:28]} Nb5 {[%clk 0:46:31]} 21. Be3
{[%clk 0:50:08]} Nd6 {[%clk 0:45:12]} 22. Bh6 {[%clk 0:48:52]} Rfe8
{[%clk 0:44:06]} 23. Bg5 {[%clk 0:46:29]} Rb8 {[%clk 0:43:35]} 24. Rf2
{[%clk 0:39:05]} f5 {[%clk 0:40:59]} 25. Re2 {[%clk 0:36:27]} Nf7
{[%clk 0:36:34]} 26. Rde1 {[%clk 0:27:26]} Qd6 {[%clk 0:35:34]} 27. Bf4
{[%clk 0:25:43]} Re7 {[%clk 0:35:33]} 28. Qc4 {[%clk 0:20:32]} b5
{[%clk 0:31:53]} 29. Qd3 {[%clk 0:18:50]} c4 {[%clk 0:31:07]} 30. Qd2
{[%clk 0:18:10]} Rbe8 {[%clk 0:29:53]} 31. Be3 {[%clk 0:17:41]} f4
{[%clk 0:21:45]} 32. gxf4 {[%clk 0:16:23]} Bxf4 {[%clk 0:21:24]} 33. Bxf4
{[%clk 0:15:55]} Rxe2 {[%clk 0:21:47]} 34. Bxd6 {[%clk 0:09:52]} Rxe1+
{[%clk 0:22:09]} 35. Kf2 {[%clk 0:06:03]} Nxd6 {[%clk 0:22:12]} 36. Bf3
{[%clk 0:05:29]} R1e5 {[%clk 0:18:40]} 37. Qd4 {[%clk 0:04:51]} Rf5
{[%clk 0:17:56]} 38. Kg2 {[%clk 0:04:47]} Rf7 {[%clk 0:17:43]} 39. Qc5
{[%clk 0:03:59]} Nf5 {[%clk 0:17:47]} 40. Bg4 {[%clk 0:03:18]} Ne3+
{[%clk 0:12:35]} 41. Kg3 {[%clk 0:03:37]} Nxg4 {[%clk 0:11:24]} 42. Kxg4
{[%clk 0:04:06]} Re4+ {[%clk 0:10:53]} 43. Kg3 {[%clk 0:04:23]} h5
{[%clk 0:11:15]} 44. h3 {[%clk 0:02:01]} h4+ {[%clk 0:11:40]} 45. Kg2
{[%clk 0:02:20]} Re2+ {[%clk 0:11:55]} 46. Kg1 {[%clk 0:02:47]} Rxb2
{[%clk 0:10:48]} 47. d6 {[%clk 0:02:42]} Rb1+ {[%clk 0:09:39]} 48. Kg2
{[%clk 0:03:02]} Rb2+ {[%clk 0:09:51]} 49. Kg1 {[%clk 0:03:31]} Rd2
{[%clk 0:10:04]} 50. Qxb5 {[%clk 0:03:55]} g5 {[%clk 0:07:16]} 51. Qe8+
{[%clk 0:02:57]} Kg7 {[%clk 0:07:35]} 52. Qe5+ {[%clk 0:02:56]} Kh7
{[%clk 0:06:21]} 53. Qe4+ {[%clk 0:03:11]} Kg7 {[%clk 0:06:08]} 54. Qe5+
{[%clk 0:03:38]} Rf6 {[%clk 0:04:47]} 55. Qe7+ {[%clk 0:03:49]} Kg6
{[%clk 0:05:16]} 56. d7 {[%clk 0:01:09]} Rfd6 {[%clk 0:04:40]} 57. d8=Q
{[%clk 0:01:00]} Rd1+ {[%clk 0:03:43]} 58. Kf2 {[%clk 0:01:24]} Rxd8
{[%clk 0:04:02]} 59. Qe6+ {[%clk 0:01:46]} Kg7 {[%clk 0:04:20]} 60. Qe7+
{[%clk 0:01:55]} Kg6 {[%clk 0:04:12]} 61. Qe6+ {[%clk 0:02:21]} 1/2-1/2

[Event "16 Dubai Open 2014"]
[Site "Dubai Chess Club"]
[Date "2014.04.08"]
[Round "2"]
[Board "26"]
[White "Cicak, Slavko"]
[Black "Gameel, Mohamed"]
[Result "1/2-1/2"]
[WhiteElo "2507"]
[BlackElo "2216"]
[PlyCount "0"]
[EventDate "2014.04.07"]
[EventRounds "9"]
[EventCountry "UAE"]

1. c4 Nf6 2. Nf3 c6 3. g3 d5 4. Qc2 Bg4 5. Bg2 Nbd7 6. d3 dxc4 7. dxc4 e5 8. O-O
Be7 9. h3 Bxf3 10. Bxf3 O-O 11. Nc3 Qc7 12. a3 a5 13. Rb1 Rfe8 14. b4 axb4 15.
axb4 Nf8 16. Bg2 Ne6 17. e3 Red8 18. c5 Nd5 19. Na4 Ra6 20. Rd1 Rda8 21. Nc3 Nxc3
22. Qxc3 Bf6 23. h4 Qe7 24. Bh3 Ra2 25. Qc4 Ra1 26. Rb3 Rd8 27. Rbd3 Rxd3 28.
Rxd3 e4 29. Rd2 g6 30. Kh2 Rb1 31. Ba3 Nf8 32. Bg2 Qe5 33. Bxe4 Re1 34. Bg2 Qa1
35. Qa2 Qc3 36. Rc2 Qd3 37. Bc1 Ne6 38. Qc4 Qxc4 39. Rxc4 Nc7 40. Bh3 Nd5 41. e4
Nc3 42. Bd2 Re2 43. Bxc3 Rxf2+ 44. Bg2 Rc2 45. Bxf6 Rxc4 46. Bd8 Rxb4 47. Bb6 Kf8
48. g4 Rb3 49. g5 Ke7 50. Kg1 f6 51. Kf2 fxg5 52. hxg5 Ke6 53. Bf3 Ke5 54. Kg3
Kd4 55. Kf4 Rb1 56. Bc7 Kxc5 57. e5 Re1 58. Bg4 Kd5 59. e6 b5 60. Bd8 b4 61. Bf6
c5 62. e7 Kd6 63. Bd1 c4 64. Kf3 Rxe7 65. Bxe7+ Kxe7 66. Ke4 Ke6 67. Be2 c3 68.
Bc4+ Kd6 69. Bb3 Kc6 70. Kd3 Kd6 71. Kd4 Ke7 72. Ke5 c2 73. Bxc2 Kf7 74. Kd5 Kg7
75. Kc5 h6 76. gxh6+ 1/2-1/2